书目信息 |
| 题名: |
学术思想评论
|
|
| 作者: | 赵汀阳 贺照田 | |
| 分册: | 第一辑 | |
| 出版信息: | 沈阳 辽宁大学出版社 1997 |
|
| 页数: | 554页 | |
| 开本: | 20cm | |
| 丛书名: | ||
| 单 册: | ||
| 中图分类: | C06 | |
| 科图分类: | ||
| 主题词: | 社会科学--学派 , 社会科学--学术思想 , 社会科学--学说 | |
| 电子资源: | ||
| ISBN: | 7-5610-3351-6 | |
| 000 | 00620nam0 2200205 450 | |
| 001 | 0728815141 | |
| 005 | 20070819080015.14 | |
| 010 | @a7-5610-3351-6@d¥23.00 | |
| 100 | @a20070819d km y0chiy0120 ea | |
| 101 | 0 | @achi |
| 200 | 1 | @a学术思想评论@Axue shu si xiang ping lun@h第一辑@f赵汀阳 贺照田@Fzhao ting yang he zhao tian |
| 210 | @a沈阳@c辽宁大学出版社@d1997 | |
| 215 | @a554页@d20cm | |
| 606 | 0 | @a社会科学@x学派 |
| 606 | 0 | @a社会科学@x学术思想 |
| 606 | 0 | @a社会科学@x学说 |
| 690 | @aC06@v3 | |
| 701 | 0 | @a赵汀阳 贺照田@Azhao ting yang he zhao tian |
| 801 | 0 | @aCN@bPFT@c20070819 |
| 905 | @a213230@dC06@eZW39@f1 | |
| 学术思想评论.第一辑/赵汀阳 贺照田.-沈阳:辽宁大学出版社,1997 |
| 554页;20cm |
| ISBN 7-5610-3351-6:¥23.00 |
| ● |
| 相关链接 |
|
|
|
|
正题名:学术思想评论
索取号:C06/ZW39
 
预约/预借
| 序号 | 登录号 | 条形码 | 馆藏地/架位号 | 状态 | 备注 |
| 1 | 7601169 | 276011691 | 密集书库-文学院/ [索取号:C06/ZW39] | 在馆 |